000 00547nam a2200205 a 4500
001 BRCA_3507
005 20190320204319.0
008 250709s1918----sp-a---###---#000-0#spa-#
041 _aspa
044 _asp
050 4 _aF1234
_b.A53 1918
100 1 _aAnasagasti, Victorio de.
_99122
245 1 0 _aMéxico reconquista sus libertades
_cVictorio de Anasagasti.
260 _aMadrid
_bImp. Alemana
_c1918
300 _a127 p.
_bil.
_c20 cm.
500 _aB92.
651 4 _aMéxico
_xPolítica y gobierno
_97019
902 _aGFM
942 _2lcc
_cB
999 _c3242
_d3242